Statistics for Historical Texts

Click here to take the quiz!

General Stats

  • This quiz has been taken 17 times
  • The average score is 8 of 16

Answer Stats

Answer% Correct
{Rosetta} Stone
100%
Treaty of {Versailles}
94%
The Art of {War}
88%
Epic of {Gilgamesh}
82%
Quran
71%
United States {Bill} {of} {Rights}
71%
Code of {Hammurabi}
65%
{King} {James} Bible
59%
Don Quixote
47%
Papal {Bull} of Pope Urban VIII
47%
Magna Carta
41%
Constitution of the Empire of {Brazil}
24%
{Dresden} Codex
18%
{Diamond} Sutra
12%
{Ezana} Stone
6%
{Florentine} Codex
6%

Score Distribution

Percentile by Number Answered

Percent of People with Each Score

Your Score History

You have not taken this quiz